00596 a2200181 4500020001800000040001300018082001200031100003700043245006000080260004300140300001100183650002700194651002600221700002800247942002200275999001900297952009800316 a9780141184999 aDLCbDLC a863,MAR aMarquez, Gabriel Garcia 9134437 aOne hundred years of solitude /cGabriel Garcia Marquez aUSAbPenguin Bookc1970 Reprinted 2021 a422 p. aNovel, Macondo9134438 aLatin America9134439 4 Gabriel Garcia Marquez cFICk863,MAR2ddc c617436d617436 00102ddc4070aMCSbMCScGENd2026-05-13l0o863,MARpMCS38996r2026-05-13w2026-05-13yFIC